Bohatosť kultúrnych prejavov Liptov, jeho charakteristické regionálne znaky, ich formovanie pod vplyvom historických, náboženských, sociálnych a kultúrnych aspektov

Bibliographic Details
Main Author: Zuskinová, Iveta, 1950- (Author)
Format: Article
Language:Slovak
PhysicalDescription:Fotogr.
Subjects:

MARC

LEADER 00000nab a2200000 a 4500
001 vtls000654569
003 SK-MaSNL
005 20260303191948.0
008 180207c1998 xo 0 slo
015 |a SNBRA1998/03-05628 
035 |a CLN000006762 
040 |a SNKBUCL  |b slo  |c SNKBUCL  |e AACR2 
041 0 |a slo 
044 |a xo  |c SK 
080 |a 908.437.6  |2 1997 
080 |a 943.76  |2 1997 
080 |a 39(437.6)  |2 1997 
100 1 |a Zuskinová, Iveta,  |d 1950-  |4 aut  |9 105217 
245 1 0 |a Bohatosť kultúrnych prejavov  |b Liptov, jeho charakteristické regionálne znaky, ich formovanie pod vplyvom historických, náboženských, sociálnych a kultúrnych aspektov  |c Iveta Zuskinová 
300 |b Fotogr. 
650 0 7 |a regionálna kultúra  |2 snkbucl  |9 67627 
650 0 7 |a kulttúrne dejiny  |2 snkbucl  |9 1221918 
650 0 7 |a etnografia  |2 snkbucl  |9 950 
651 7 |a Liptov (Slovensko : región)  |2 snkbucl  |9 151081 
655 7 |a články z novín a časopisov  |2 snkbucl  |9 267496 
773 0 |t Národná osveta  |g Roč. 8, č. 6 (1998), s. 23-25 
850 |a Slovenská národná knižnica v Martine 
852 |a SNK  |b KIS3GCP 
958 |a RBX 
999 |c 2143821  |d 2145751